000 00388nam a22001457a 4500
999 _c1244
_d1244
008 200120b ||||| |||| 00| 0 eng d
082 0 0 _a623.8
_bS514
100 _9275
_aSeward, Herbert Lee.
245 1 0 _aMarine engineering, Vol -I
_cby ,Herbert Lee Seward (Ed.)
260 _aNew York
_bSNAME
_c1944
300 _aix,642p.
365 _d34.03
650 0 _aMarine Engineering
942 _cBK